| 000 | 00401nam a2200133Ia 4500 | ||
|---|---|---|---|
| 008 | 151021s9999 xx 000 0 und d | ||
| 020 | _a9966364579 | ||
| 050 | _aHQ769.M 2009 | ||
| 245 | _a_Child Growth and Development IIcL Pre Adolescence and Adolescence | ||
| 260 | _aNairobi Longhorn 2009 | ||
| 300 | _avi,59p. | ||
| 650 | _a_Child Growth and Development | ||
| 980 | _a^d20101208 10:25:28^okorir | ||
| 999 |
_c5508 _d5508 |
||